Fairy Tail Openings/Endings Quiz Stats

 Plays Quiz not verified by Sporcle

Support Sporcle.
Go Orange.
Score 0/24 Timer 03:00
0 Plays Today
Artist Song % Correct
FunkistSnow Fairy
91.5%
Idoling!!!S.O.W. ~Sense of Wonder~
66.8%
+PlusFiesta
65.1%
JAMILThe Rock City Boy
61.8%
FunkistFt.
60.1%
SuGR.P.G. ~Rockin' Playing Game~
49.9%
Milky BunnyI Wish
47.3%
Daisy X DaisyEvidence
47%
Magic PartyEgao no Mahou
39.6%
Daisy X Daisy fea. Another InfinityTowa no Kizuna
36.4%
OnelifecrewTsuioku Merry-Go-Round
33.7%
w-indsBe As One
32.8%
Artist Song % Correct
+PlusHajimari no Sora
26%
Another Infinity feat. Mayumi MorinagaGlitter (Starving Trancer Remix)
21.8%
Daisy X DaisyHoly Shine
21.3%
Idoling!!!Don't think. Feel!!!
21%
Shiho NanbaGomen ne. Watashi
19%
Tetsuya KakiharaEternal Fellows
18.1%
Watarirouka Hoshiri TaiKanpekigu no ne
17.6%
Mikuni ShimokawaKimi ga Iru Kara
17.1%
Hi-Fi CampBoys Be Ambitious
16.9%
ShaNaLonely Person
16.1%
Hi-Fi CampKono Te Nobashite
11.8%
Aya HiranoDaily Hymn ~This Place~
5.1%

You're not logged in!

Compare scores with friends on all Sporcle quizzes.
OR
Log In

From the Vault

Cover the Alphabet - Books of the Old Testament

by PenguinsMeercats

The Bible has a lot of letters. You should be able to cover the alphabet pretty quickly.
Remove Ads.
Support Sporcle.
Get the best of Sporcle when you Go Orange. This ad-free experience offers more features, more stats, and more fun while also helping to support Sporcle. Thank you for becoming a member.

Show Comments

Extras

Created Mar 16, 2011ReportNominate
Tags:Fairy, tail

Top Quizzes Today


Score Distribution

Your Account Isn't Verified!

In order to create a playlist on Sporcle, you need to verify the email address you used during registration. Go to your Sporcle Settings to finish the process.

Report this User

Report this user for behavior that violates our Community Guidelines.

Details: